The use of the Bible in preaching
| Main Author: | |
|---|---|
| Format: | Print Article |
| Language: | English |
| Check availability: | HBZ Gateway |
| Interlibrary Loan: | Interlibrary Loan for the Fachinformationsdienste (Specialized Information Services in Germany) |
| Published: |
2012
|
| In: |
The new Cambridge history of the bible ; vol. 2: From 600 to 1450
Year: 2012, Pages: 680-692 |
| IxTheo Classification: | HA Bible RA Practical theology RF Christian education; catechetics RG Pastoral care |
| Further subjects: | B
Reception
B Bible study B Bibelpastoral |
MARC
| LEADER | 00000caa a22000002c 4500 | ||
|---|---|---|---|
| 001 | 1589806174 | ||
| 003 | DE-627 | ||
| 005 | 20240123204558.0 | ||
| 007 | tu | ||
| 008 | 190311s2012 xx ||||| 00| ||eng c | ||
| 020 | |a 9780521860062 | ||
| 035 | |a (DE-627)1589806174 | ||
| 035 | |a (DE-576)519806174 | ||
| 035 | |a (DE-599)BSZ519806174 | ||
| 040 | |a DE-627 |b ger |c DE-627 |e rakwb | ||
| 041 | |a eng | ||
| 084 | |a 1 |2 ssgn | ||
| 100 | 1 | |a Wenzel, Siegfried |4 aut | |
| 245 | 1 | 4 | |a The use of the Bible in preaching |
| 264 | 1 | |c 2012 | |
| 336 | |a Text |b txt |2 rdacontent | ||
| 337 | |a ohne Hilfsmittel zu benutzen |b n |2 rdamedia | ||
| 338 | |a Band |b nc |2 rdacarrier | ||
| 650 | 0 | 7 | |0 (DE-588)4049716-1 |0 (DE-627)104675152 |0 (DE-576)209083182 |a Rezeption |2 gnd |
| 650 | 0 | 7 | |0 (DE-588)4112752-3 |0 (DE-627)105834912 |0 (DE-576)209470542 |a Bibelarbeit |2 gnd |
| 650 | 4 | |a Bibelpastoral | |
| 652 | |a HA:RA:RF:RG | ||
| 773 | 0 | 8 | |i In |t The new Cambridge history of the bible ; vol. 2: From 600 to 1450 |d Cambridge [u.a.] : Cambridge Univ. Press, 2012 |g (2012), Seite 680-692 |h XXII, 1045 S. |w (DE-627)1429730862 |w (DE-576)359730868 |z 0521860067 |z 9780521860062 |7 nnam |
| 773 | 1 | 8 | |g year:2012 |g pages:680-692 |
| 935 | |a BIIN | ||
| 951 | |a AR | ||
| BIB | |a 1 | ||
| ELC | |b 1 | ||
| ITA | |a 1 |t 1 | ||
| LOK | |0 000 xxxxxcx a22 zn 4500 | ||
| LOK | |0 001 3059996075 | ||
| LOK | |0 003 DE-627 | ||
| LOK | |0 004 1589806174 | ||
| LOK | |0 005 20190311223942 | ||
| LOK | |0 008 190311||||||||||||||||ger||||||| | ||
| LOK | |0 035 |a (DE-Tue135-1)225128 | ||
| LOK | |0 040 |a DE-Tue135-1 |c DE-627 |d DE-Tue135-1 | ||
| LOK | |0 852 |a DE-Tue135-1 | ||
| LOK | |0 852 1 |c FTHNT068986/2/WLS |m p |9 00 | ||
| LOK | |0 852 2 |b Q 55 |9 00 | ||
| LOK | |0 935 |a iSWA | ||
| LOK | |0 936ln |0 144204408X |a HA | ||
| LOK | |0 936ln |0 1442053003 |a RA | ||
| LOK | |0 936ln |0 1442053151 |a RF | ||
| LOK | |0 936ln |0 1442053194 |a RG | ||
| LOK | |0 938 |k p | ||
| LOK | |0 939 |a 11-03-19 |b l12 | ||
| ORI | |a SA-MARC-ixtheoa001.raw | ||
| STA | 0 | 0 | |a Bible study,Reception,Reception,Impact,Afterlife |
| STB | 0 | 0 | |a Réception <scientifique>,Réception <scientifique>,Influence intellectuelle,Influence intellectuelle,Influence intellectuelle (motif),Influence intellectuelle,Étude biblique |
| STC | 0 | 0 | |a Recepción,Recepción,Trabajo bíblico |
| STD | 0 | 0 | |a Ricezione,Ricezione,Studio della Bibbia,Lavoro sulla Bibbia,Lavoro sulla Bibbia |
| STE | 0 | 0 | |a 圣经学习,接受,接收 |
| STF | 0 | 0 | |a 接受,接收,聖經學習 |
| STG | 0 | 0 | |a Recepção,Recepção,Trabalho bíblico |
| STH | 0 | 0 | |a Восприятие (мотив),Восприятие,Изучение и работа с Библией |
| STI | 0 | 0 | |a Αποδοχή (μοτίβο),Αποδοχή,Μελέτη της Βίβλου,Εργασία με την Αγία Γραφή,Εργασία με τη Βίβλο,Μελέτη της Αγίας Γραφής |
| SUB | |a BIB | ||
| SYE | 0 | 0 | |a Fortwirken,Nachwirkung,Nachleben,Wirkungsgeschichte,Aneignung |